000 00951nam a2200265Ia 4500
003 OSt
005 20221005112234.0
006 a|||||r|||| 00| 0
007 ta
008 221004b |||||||| |||| 00| 0 pan d
020 _a8171433847
_c150
024 _a117494
037 _b634, 19/03/2012, H.K. Prakashan
_cTextual
040 _aCRL
_cCRL
_bpan
041 _2pan
_apan
082 _aO153,3:g, P5
100 _aਕਾਂਗ, ਕੁਲਬੀਰ ਸਿੰਘ
245 0 _aਪੰਜਾਬੀ ਨਾਵਲ ਤੇ ਨਾਵਲਕਾਰ
260 _aਅੰਮ੍ਰਿਤਸਰ
_bਰਵੀ ਸਾਹਿਤ ਪ੍ਰਕਾਨ ਭਾਰਤ
_c2005
300 _a152ਪੰ
_ccm.
650 _a ਪੰਜਾਬੀ ਕਹਾਣੀ
650 _aਪੰਜਾਬੀ ਸਾਹਿਤ
942 _hO153,3:g, P5
_cTEXL
_2cc
999 _c1024287
_d1024287